Juventus - Top 10 Goalscorers by season - Statistics

General Stats
  • This quiz has been taken 188 times
  • The average score is 38 of 51
Answer Stats
Answer % Correct
Cristiano Ronaldo
98%
Paulo Dybala
97%
Dusan Vlahovic
96%
Juan Cuadrado
95%
Alvaro Morata
94%
Arturo Vidal
93%
Gonzalo Higuain
93%
Leonardo Bonucci
93%
Giorgio Chiellini
92%
Mario Mandzukic
92%
Miralem Pjanic
92%
Arkadiusz Milik
91%
Carlos Tevez
91%
Paul Pogba
90%
Sami Khedira
89%
Weston McKennie
88%
Aaron Ramsey
86%
Alex Sandro
86%
Adrien Rabiot
84%
Andrea Pirlo
84%
Federico Chiesa
84%
Matthijs De Ligt
83%
Dejan Kulusevski
82%
Claudio Marchisio
80%
Danilo
80%
Fernando Llorente
80%
Stephan Lichtsteiner
80%
Blaise Matuidi
76%
Bremer
76%
Angel Di Maria
73%
Filip Kostic
73%
Kwadwo Asamoah
70%
Alessandro Del Piero
69%
Douglas Costa
69%
Manuel Locatelli
69%
Mirko Vucinic
68%
Emre Can
64%
Moise Kean
63%
Merih Demiral
58%
Federico Bernardeschi
57%
Alessandro Matri
56%
Mario Lemina
56%
Dani Alves
52%
Fabio Quagliarella
48%
Daniele Rugani
46%
Nicolò Fagioli
46%
Sebastian Giovinco
44%
Simone Pepe
39%
Roberto Pereyra
38%
Simone Zaza
32%
Emanuele Giaccherini
22%
No matching quizzes found
Score Distribution
Percent of People with Each Score
Percentile by Number Answered
Your Score History
You have not taken this quiz